<?xml version="1.0" encoding="UTF-8"?>
<record
    xmlns:xsi="http://www.w3.org/2001/XMLSchema-instance"
    xsi:schemaLocation="http://www.loc.gov/MARC21/slim http://www.loc.gov/standards/marcxml/schema/MARC21slim.xsd"
    xmlns="http://www.loc.gov/MARC21/slim">

  <leader>01454nam a2200313 a 4500</leader>
  <controlfield tag="001">000022992</controlfield>
  <controlfield tag="005">20240513194009.0</controlfield>
  <controlfield tag="008">101124s1996    mx a          001 0 spa d</controlfield>
  <datafield tag="020" ind1=" " ind2=" ">
    <subfield code="a">968880696x</subfield>
  </datafield>
  <datafield tag="040" ind1=" " ind2=" ">
    <subfield code="a">DO-SdBNP</subfield>
    <subfield code="b">spa</subfield>
    <subfield code="c">BNPHU</subfield>
  </datafield>
  <datafield tag="082" ind1=" " ind2=" ">
    <subfield code="a">005.7406</subfield>
    <subfield code="b">K93p, 1996</subfield>
  </datafield>
  <datafield tag="100" ind1="1" ind2=" ">
    <subfield code="a">Kroenke, David M.</subfield>
    <subfield code="9">47288</subfield>
  </datafield>
  <datafield tag="240" ind1="1" ind2="0">
    <subfield code="a">Database processing, fundamental, desing and implementation.</subfield>
    <subfield code="l">Espa&#xF1;ol.</subfield>
  </datafield>
  <datafield tag="245" ind1="1" ind2="0">
    <subfield code="a">Procesamiento de bases de datos :</subfield>
    <subfield code="b">fundamentos, dise&#xF1;o e instrumentaci&#xF3;n /</subfield>
    <subfield code="c">David M. Kroenke ; traducci&#xF3;n de Miguel &#xC1;ngel Mart&#xED;nez Sarmiento, Gabriel S&#xE1;nchez Garc&#xED;a ; revisi&#xF3;n t&#xE9;cnica de Raymundo Hugo Rangel Guti&#xE9;rrez ; editado por Luis Gerardo Cede&#xF1;o Plascencia.</subfield>
  </datafield>
  <datafield tag="250" ind1=" " ind2=" ">
    <subfield code="a">5a ed.</subfield>
  </datafield>
  <datafield tag="260" ind1=" " ind2=" ">
    <subfield code="a">M&#xE9;xico :</subfield>
    <subfield code="b">Prentice Hall Hispanoamericana,</subfield>
    <subfield code="c">1996.</subfield>
  </datafield>
  <datafield tag="300" ind1=" " ind2=" ">
    <subfield code="a">x, 605 p. :</subfield>
    <subfield code="b">il. ;</subfield>
    <subfield code="c">25 cm. +</subfield>
    <subfield code="e">Diskette.</subfield>
  </datafield>
  <datafield tag="500" ind1=" " ind2=" ">
    <subfield code="a">Incluye &#xED;ndice y glosario.</subfield>
  </datafield>
  <datafield tag="534" ind1=" " ind2=" ">
    <subfield code="p">Traducido de la obra en ingl&#xE9;s:</subfield>
    <subfield code="t">Database processing, fundamentals, design and implementation.</subfield>
  </datafield>
  <datafield tag="650" ind1=" " ind2="4">
    <subfield code="a">Dise&#xF1;o de bases de datos</subfield>
    <subfield code="9">47289</subfield>
  </datafield>
  <datafield tag="650" ind1=" " ind2="0">
    <subfield code="a">Administraci&#xF3;n de bases de datos </subfield>
    <subfield code="9">47290</subfield>
  </datafield>
  <datafield tag="650" ind1=" " ind2="4">
    <subfield code="a">Sistemas de almacenamiento y recuperaci&#xF3;n de informaci&#xF3;n</subfield>
    <subfield code="9">47291</subfield>
  </datafield>
  <datafield tag="700" ind1="1" ind2=" ">
    <subfield code="a">Mart&#xED;nez Sarmiento, Miguel &#xC1;ngel,</subfield>
    <subfield code="e">tr.</subfield>
    <subfield code="9">47292</subfield>
  </datafield>
  <datafield tag="700" ind1="1" ind2=" ">
    <subfield code="a">S&#xE1;nchez Garc&#xED;a, Gabriel,</subfield>
    <subfield code="e">tr.</subfield>
    <subfield code="9">44836</subfield>
  </datafield>
  <datafield tag="700" ind1="1" ind2=" ">
    <subfield code="a">Rangel Guti&#xE9;rrez, Raymundo Hugo,</subfield>
    <subfield code="e">rev.</subfield>
    <subfield code="9">47293</subfield>
  </datafield>
  <datafield tag="700" ind1="1" ind2=" ">
    <subfield code="a">Cede&#xF1;o Plascencia, Luis Gerardo,</subfield>
    <subfield code="e">ed.</subfield>
    <subfield code="9">47294</subfield>
  </datafield>
  <datafield tag="910" ind1=" " ind2=" ">
    <subfield code="a">WM</subfield>
  </datafield>
  <datafield tag="049" ind1=" " ind2=" ">
    <subfield code="a">BNGR</subfield>
  </datafield>
  <datafield tag="952" ind1=" " ind2=" ">
    <subfield code="0">0</subfield>
    <subfield code="1">0</subfield>
    <subfield code="5">4</subfield>
    <subfield code="7">0</subfield>
    <subfield code="8">MO</subfield>
    <subfield code="a">GR</subfield>
    <subfield code="b">GR</subfield>
    <subfield code="c">HD</subfield>
    <subfield code="d">2010-11-24</subfield>
    <subfield code="i">LF1</subfield>
    <subfield code="l">0</subfield>
    <subfield code="o">005.7406 K93p, 1996</subfield>
    <subfield code="p">22992-10</subfield>
    <subfield code="r">2020-06-25</subfield>
    <subfield code="w">2020-06-25</subfield>
    <subfield code="y">4</subfield>
    <subfield code="Z">Pr&#xE9;stamo en sala</subfield>
  </datafield>
  <datafield tag="999" ind1=" " ind2=" ">
    <subfield code="c">22489</subfield>
    <subfield code="d">22489</subfield>
  </datafield>
</record>
